Položenie o tovariščeskich sudach

Titel: Položenie o tovariščeskich sudach : položenie ob obščestvennych sovetach po rabote tovariščeskich sudov ; utverždeno ukazom Prezidiuma Verchovnogo Soveta Ėstonskoj SSR ot 24 fevralja 1978 goda
Veröffentlicht: Tallin : Ėėsti Raamat, 1981
Umfang: 30 S.
Format: Buch
Sprache: Russisch
Kein Bild verfügbar
X
Lokale Klassifikation: 47 12 M
alg: 28559456
001A    $03004:15-12-11 
001B    $01999:25-04-21 $t10:51:15.000 
001C    $03004:15-12-11 $t09:13:44.000 
001D    $03004:15-12-11 
001U    $0utf8 
001X    $00 
002@    $0Aau 
003@    $0285594567 
003O    $0768383390 $aOCoLC 
007A    $0285594567 $aHEB 
007T    $0Herdhh285594567 
010@    $arus 
011@    $a1981 
021A    $aPoloženie o tovariščeskich sudach $dpoloženie ob obščestvennych sovetach po rabote tovariščeskich sudov ; utverždeno ukazom Prezidiuma Verchovnogo Soveta Ėstonskoj SSR ot 24 fevralja 1978 goda 
033A    $pTallin $nĖėsti Raamat 
034D    $a30 S. 
045F    $a340.09 $eDDC23BSB 
045F/01 $a340.09 
045F/03 $g4798 
046L    $aIn kyrill. Schr., russ. 

lok: 28559456 24
101B    $023-01-12 $t09:20:41.000 
101C    $015-12-11 
101U    $0utf8 
145Z/01 $a47 12 M 

exp: 28559456 24 1 #EPN
201B/01 $006-02-12 $t14:13:24.000 
201C/01 $015-12-11 
201U/01 $0utf8 
203@/01 $0635364174 
208@/01 $a06-02-12 $bz 
209A/01 $aS 25716 $du $f050 $hS 25716 $x00 
209C/01 $a11.09746 G $h11 09746 G 
209G/01 $a72938887 $x00 
220C/01 $amar 
247C/01 $8358050-7 Marburg, Bibliothek des Herder-Instituts Marburg $9102600961 

lok: 28559456 78

exp: 28559456 78 1 #EPN
201B/01 $019-04-17 $t22:02:54.000 
201U/01 $0utf8 
203@/01 $0793594391 
208@/01 $a12-11-16 $be 
209A/01 $a/ $f000 $x00 
237A/01 $aIn kyrill. Schr., russ 
244Z/01 $2Trx $#Estija $#Igaunija $#Estland $#Estonia $#Estonia $#Estónsko $#Estonsko $8--Trx--Eesti $x01 $9391237225 
245Z/01 $a07.02 $x01 
247C/01 $82080>Marburg/Lahn, Herder-Institut, Forschungsbibliothek, Bibliographieportal $9336309341
LEADER 00000cam a2200000 c 4500
001 285594567
003 DE-603
005 20210425105115.0
007 tu
008 111215s1981 xx |||| | u00||u|rus c
035 |a (DE-599)HEB285594567 
035 |a (OCoLC)768383390 
040 |a DE-603  |b ger  |c DE-603  |d DE-603 
041 |a rus 
082 0 4 |8 1\u  |a 340.09  |q DE-101  |2 23/BSB 
085 |8 1\u  |b 340.09 
085 |8 1\u  |z 2  |s 4798 
245 0 0 |a Položenie o tovariščeskich sudach  |b položenie ob obščestvennych sovetach po rabote tovariščeskich sudov ; utverždeno ukazom Prezidiuma Verchovnogo Soveta Ėstonskoj SSR ot 24 fevralja 1978 goda 
264 1 |a Tallin  |b Ėėsti Raamat  |c 1981 
300 |a 30 S. 
546 |a In kyrill. Schr., russ. 
924 0 |9 Mb 50  |a (DE-603)635364174  |b DE-Mb50  |c HES  |d c  |g S 25716 
924 0 |9 2080  |a (DE-603)793594391  |b DE-2080  |c HES  |d d  |g /